000 00462nam a2200181Ia 4500
001 44575
008 140428s9999 xx 000 0 und d
020 _aNA
040 _cPK-LaUMT
082 _aRHC 297.72
_bASA-T
100 _aAsad Gilani
245 _aTahreek mujaahideen kaa inqilaabi paihloo (Urdu)
_cAsad Gilani
260 _aLahore,Pakistan:
_bMaktaba Tameraat Insaniyyat,
_c1957
300 _a262 p.
546 _aUR
650 _aIslam
942 _cBK
999 _c42566
_d42566